Statistics for Books That are Movies That I've Read or Want to Read

Click here to take the quiz!

General Stats

  • This quiz has been taken 23 times
  • The average score is 3 of 5

Answer Stats

Answer% Correct
The Godfather
89%
The Shining
83%
Murder on the Orient Express
78%
One Flew Over the Cuckoo's Nest
67%
The Thing
28%

Score Distribution

Percentile by Number Answered

Percent of People with Each Score

Your Score History

You have not taken this quiz